000 01021nam a22002535i 4500
001 159460
003 ES-MaACL
005 20250726063042.0
008 040913s1883 it |||| | ita d
040 _aCAM
_bspa
_cCAM
080 _a551.21(450)
100 1 _aMercalli, Giuseppe,
_d1850-1914
_eaut
_9129847
245 1 0 _aSull'eruzione etnea del 22 marzo 1883 /
_cnota del prof. Giuseppe Mercalli.
260 _aMilano :
_b[s.n.],
_c1883
_f(Tip. Bernardoni di C. Rebeschini e C.)
300 _a11, [1] páginas ;
_c23 cm.
594 _aTít. y autor tomados de principio de texto
595 _aExtracto de "Atti della Società Italiana di scienze naturali, v. XXVI
650 4 _aVulcanismo-
_zItalia
_9173715
651 4 _aEtna (Italia, Volcán)
_9156380
852 _aES-MaACL
_cDEPOF
_hLegado de Federico de Botella y de Hornos
_jT-899-F-13
_xEnc. en un vol. facticio
_xHolandesa, falto de cub. original
942 _cFOLLETOS
_n0
999 _c159460
_d159460